000 01206cab a2200325 4500
001 ABS58035
008 090401t1997 xxu||||| |||| 00| 0 eng d
035 _a(Sirsi) u82785
041 _aeng
100 _aLawson, D.
245 _aState of the union
260 _c1997
350 _a0
490 _aProperty Week
_v61(11) 12 December 1997, 25-28(4)
520 _aReviews and compares varying regional trends in the commercial property market over the past twelve months and prospects for the new year ahead. Details the best and worst retail centres and rents, regionalised tender changes, and the most/least volume of planning decisions.
650 _a1997
650 _aECONOMIC ANALYSIS
650 _aINDUSTRIAL MARKET
650 _aINVESTMENT MARKET
650 _aPROPERTY-COMMERCIAL PROPERTY-OFFICE PROPERTY-OFFICE PROPERTY MARKET
650 _aOFFICE YIELDS
650 _aPLANNING DECISIONS
650 _aREGIONAL ECONOMICS
650 _aRENTAL LEVELS
650 _aPROPERTY-COMMERCIAL PROPERTY-RETAIL PROPERTY-RETAIL PROPERTY MARKET
650 _aTENDER PRICES
690 _aPROPERTY-COMMERCIAL PROPERTY-COMMERCIAL PROPERTY MARKET
942 _n0
948 _c18/12/1997
999 _c52287
_d52287